ბათუმის შოთა რუსთაველის სახელმწიფო უნივერსიტეტის ბიბლიოთეკა

ბიოლოგია (ბიბ.ჩანაწერი № 49296)

000 -LEADER
fixed length control field 01367nam a2200253Ia 4500
001 - CONTROL NUMBER
control field 16212
003 - CONTROL NUMBER IDENTIFIER
control field GE_BSU
008 - FIXED-LENGTH DATA ELEMENTS--GENERAL INFORMATION
fixed length control field 181216s||||||||xx |||||||||||||| ||und||
020 ## - INTERNATIONAL STANDARD BOOK NUMBER
International Standard Book Number ISBN 978-9941-9350-3-9
040 ## - CATALOGING SOURCE
Transcribing agency GE_BSU
080 ## - UNIVERSAL DECIMAL CLASSIFICATION NUMBER
Universal Decimal Classification number 57(072) + 37.091.321
100 ## - MAIN ENTRY--PERSONAL NAME
Personal name მაყაშვილი,მალხაზ
245 ## - TITLE STATEMENT
Title ბიოლოგია
245 ## - TITLE STATEMENT
Remainder of title დამხმ. სახელმძღვ. მასწავლებელთათვის
250 ## - EDITION STATEMENT
Edition statement მე-2 გადამუშავებული გამოცემა
260 ## - PUBLICATION, DISTRIBUTION, ETC.
Place of publication, distribution, etc. თბილისი
260 ## - PUBLICATION, DISTRIBUTION, ETC.
Name of publisher, distributor, etc. უსტარი,
260 ## - PUBLICATION, DISTRIBUTION, ETC.
Date of publication, distribution, etc. 2014
300 ## - PHYSICAL DESCRIPTION
Extent 204 გვ. : ცხრ., ილ. ; 26 სმ.
653 ## - INDEX TERM--UNCONTROLLED
Uncontrolled term ბიოლოგია
653 ## - INDEX TERM--UNCONTROLLED
Uncontrolled term უჯრედის სასიცოცხლო ციკლი; მეიოზი; გენეტიკა; გამრავლება; ცილის და ატფ-ის სინთეზი; ევოლუციის, ანატომიის და ფიზიოლოგიის საკითხები; კვლევა; ლაბორატორიული სამუშაოები; გაკვეთილების სცენარები; ტესტები, სავარჯიშოები
942 ## - ADDED ENTRY ELEMENTS (KOHA)
Koha item type წიგნი
ეგზემპლარები
Withdrawn status Lost status Damaged status Not for loan Date acquired Barcode Date last seen Price effective from Koha item type
        2018-12-17 39961 2018-12-17 2018-12-17 წიგნი
        2018-12-17 39962 2018-12-17 2018-12-17 წიგნი
        2018-12-17 39963 2018-12-17 2018-12-17 წიგნი
        2018-12-17 39964 2018-12-17 2018-12-17 წიგნი
        2018-12-17 39965 2018-12-17 2018-12-17 წიგნი
        2018-12-17 47474 2018-12-17 2018-12-17 წიგნი
        2018-12-17 47475 2018-12-17 2018-12-17 წიგნი
        2018-12-17 47476 2018-12-17 2018-12-17 წიგნი
        2018-12-17 47477 2018-12-17 2018-12-17 წიგნი
        2018-12-17 47478 2018-12-17 2018-12-17 წიგნი